000 00563nam a2200145Ia 4500
008 151213s9999 xx 000 0 und d
100 _aভূঁইয়া নাসির উদ্দীন।
245 _aদহনের চিঠি।
_cভূঁইয়া নাসির উদ্দীন।
260 _aঢাকা।
_bদেশ গ্যালারী
_c1998
300 _a8701 p.
650 _aBangla
650 _aকাব্য গ্রন্থ।
700 _aভূঁইয়া নাসির উদ্দীন।
999 _c4487
_d4487